[Event "LAT-ch"]
[Site "Riga"]
[Date "1993.??.??"]
[Round "?"]
[White "Berzinsh, Roland"]
[Black "Fainveits, Lev"]
[Result "1-0"]
[WhiteElo "2395"]
[BlackElo "2245"]
[PlyCount "79"]
[EventDate "1993.??.??"]
[EventType "tourn"]
[EventRounds "13"]
[EventCountry "LAT"]
[EventCategory "4"]
[SourceTitle "CBM 035 Extra"]
[Source "ChessBase"]
[SourceDate "1993.09.01"]
[SourceVersion "1"]
[SourceVersionDate "1993.09.01"]
[SourceQuality "1"]

1. e4 e5 2. Nf3 Nc6 3. Bc4 Be7 4. 0-0 Nf6 5. d3 0-0 6. Re1 d6 7. c3 Na5 8. Bb5 a6 9. Ba4 b5 10. Bc2 c5 11. Nbd2 Re8 12. Nf1 h6 13. Ng3 Bf8 14. h3 g6 15. a3 Bb7 16. b4 Nc6 17. Be3 Qd7 18. Bb3 Rac8 19. Nh2 cxb4 20. axb4 Bg7 21. Qd2 Kh7 22. Qa2 Nd8 23. Rac1 d5 24. Red1 d4 25. cxd4 exd4 26. Bd2 Ne6 27. f4 Bf8 28. Rxc8 Rxc8 29. Rf1 Nd8 30. Nf3 Rc7 31. Kh1 Kg7 32. f5 g5 33. e5 Nd5 34. Nxd4 Nxb4 35. Qa1 Kg8 36. e6 Qd6 37. Nh5 Qe5 38. Re1 Qd6 39. Nf6+ Kh8 40. Ne8 1-0

[Event "LAT-ch"]
[Site "Riga"]
[Date "1993.??.??"]
[Round "?"]
[White "Fainveits, Lev"]
[Black "Kupruks, Raimonds"]
[Result "0-1"]
[WhiteElo "2245"]
[BlackElo "2175"]
[PlyCount "58"]
[EventDate "1993.??.??"]
[EventType "tourn"]
[EventRounds "13"]
[EventCountry "LAT"]
[EventCategory "4"]
[SourceTitle "CBM 035 Extra"]
[Source "ChessBase"]
[SourceDate "1993.09.01"]
[SourceVersion "1"]
[SourceVersionDate "1993.09.01"]
[SourceQuality "1"]

1. d4 Nf6 2. c4 g6 3. Nc3 Bg7 4. e4 d6 5. f3 0-0 6. Be3 c5 7. Nge2 Nc6 8. Qd2 e6 9. d5 Ne5 10. Ng3 exd5 11. cxd5 a6 12. a4 Bd7 13. h3 b5 14. f4 Nc4 15. Bxc4 bxc4 16. 0-0 Re8 17. e5 dxe5 18. fxe5 Rxe5 19. Bxc5 Bc6 20. Bd4 Nxd5 21. Bxe5 Bxe5 22. Nxd5 Qxd5 23. Qxd5 Bxd5 24. Ne2 Bxb2 25. Rad1 Bc6 26. a5 c3 27. Nd4 Ba4 28. Rde1 Rd8 29. Ne2 Bb5 0-1

[Event "LAT-ch"]
[Site "Riga"]
[Date "1993.??.??"]
[Round "?"]
[White "Fainveits, Lev"]
[Black "Lutskan, Ilmars"]
[Result "0-1"]
[WhiteElo "2245"]
[BlackElo "2330"]
[PlyCount "112"]
[EventDate "1993.??.??"]
[EventType "tourn"]
[EventRounds "13"]
[EventCountry "LAT"]
[EventCategory "4"]
[SourceTitle "CBM 035 Extra"]
[Source "ChessBase"]
[SourceDate "1993.09.01"]
[SourceVersion "1"]
[SourceVersionDate "1993.09.01"]
[SourceQuality "1"]

1. d4 c5 2. d5 d6 3. c4 g6 4. Nc3 Bg7 5. e4 a6 6. Be2 Nf6 7. Nf3 0-0 8. 0-0 Ne8 9. h3 Nc7 10. a4 b6 11. Be3 Ra7 12. Qd2 Rb7 13. Rab1 a5 14. Nh2 Ne8 15. f4 e6 16. Rbd1 exd5 17. Nxd5 Nc6 18. Nf3 Be6 19. b3 Qc8 20. Nc3 Na7 21. g4 Bd7 22. f5 Bc6 23. Bd3 Re7 24. Bg5 Nf6 25. Bc2 Rd7 26. Qf4 Qc7 27. Nd5 Bxd5 28. exd5 Re7 29. Rde1 Nc8 30. Rxe7 Nxe7 31. Re1 Kh8 32. Bh4 Neg8 33. Kh2 Nd7 34. Bg3 Ne5 35. g5 f6 36. gxf6 Bxf6 37. Kg2 Qg7 38. Qe3 gxf5 39. Bxf5 Nxf3 40. Qxf3 Be5 41. Qg4 Rxf5 42. Qxf5 Qxg3+ 43. Kf1 Qg6 44. Qxg6 hxg6 45. Re3 Kg7 46. Ke2 Nh6 47. Kf3 Kf6 48. Rd3 Kf5 49. Rd1 Nf7 50. h4 Bf4 51. Rg1 Ne5+ 52. Ke2 Ng4 53. Kd3 Nf6 54. Ke2 Nh5 55. Kf3 Nf6 56. Ke2 Ne4 0-1

[Event "LAT-ch"]
[Site "Riga"]
[Date "1993.??.??"]
[Round "?"]
[White "Fainveits, Lev"]
[Black "Zhuravlev, Valery Ivanovich"]
[Result "1/2-1/2"]
[WhiteElo "2245"]
[BlackElo "2485"]
[PlyCount "92"]
[EventDate "1993.??.??"]
[EventType "tourn"]
[EventRounds "13"]
[EventCountry "LAT"]
[EventCategory "4"]
[SourceTitle "CBM 035 Extra"]
[Source "ChessBase"]
[SourceDate "1993.09.01"]
[SourceVersion "1"]
[SourceVersionDate "1993.09.01"]
[SourceQuality "1"]

1. d4 d5 2. Nf3 Nf6 3. c4 dxc4 4. Nc3 e6 5. Qa4+ Nbd7 6. Qxc4 Nb6 7. Qb3 c5 8. Bg5 Bd7 9. e3 cxd4 10. Nxd4 Be7 11. Bb5 h6 12. Bh4 0-0 13. Rd1 Nfd5 14. Bxe7 Qxe7 15. Nxd5 Nxd5 16. Nf5 exf5 17. Bxd7 Qxd7 18. Rxd5 Qe6 19. 0-0 Rad8 20. Rfd1 Rxd5 21. Qxd5 Qxd5 22. Rxd5 Rc8 23. g3 Rc2 24. Rb5 b6 25. Kg2 g6 26. a4 Kf8 27. b4 Ke7 28. a5 Rc6 29. Kf3 Kd6 30. axb6 axb6 31. h4 h5 32. Ke2 Ke6 33. Kf3 f6 34. e4 fxe4+ 35. Kxe4 Rd6 36. f3 Rc6 37. g4 hxg4 38. fxg4 Rc4+ 39. Kf3 Rc3+ 40. Kf4 Rc4+ 41. Kf3 Rc6 42. h5 Kf7 43. Kf4 Kg7 44. Ke4 Rc4+ 45. Kf3 Rc6 46. Ke4 Rc4+ 1/2-1/2

[Event "LAT-ch"]
[Site "Riga"]
[Date "1993.??.??"]
[Round "?"]
[White "Krakops, Maris"]
[Black "Fainveits, Lev"]
[Result "1/2-1/2"]
[WhiteElo "2295"]
[BlackElo "2245"]
[PlyCount "63"]
[EventDate "1993.??.??"]
[EventType "tourn"]
[EventRounds "13"]
[EventCountry "LAT"]
[EventCategory "4"]
[SourceTitle "CBM 035 Extra"]
[Source "ChessBase"]
[SourceDate "1993.09.01"]
[SourceVersion "1"]
[SourceVersionDate "1993.09.01"]
[SourceQuality "1"]

1. e4 e5 2. Nf3 Nc6 3. Bb5 a6 4. Ba4 Nf6 5. 0-0 b5 6. Bb3 Bb7 7. Re1 Bc5 8. c3 d6 9. d4 Bb6 10. a4 0-0 11. Bg5 h6 12. Bh4 g5 13. Bg3 Re8 14. h4 g4 15. Nh2 Qd7 16. axb5 axb5 17. Rxa8 Bxa8 18. d5 Ne7 19. h5 Kg7 20. Bh4 Nxh5 21. Nxg4 Ng6 22. Ne3 Bxe3 23. Qxh5 Bc5 24. Nd2 Bb7 25. Nf1 Nxh4 26. Qxh4 Bc8 27. Bd1 Qd8 28. Qxd8 Rxd8 29. b4 Bb6 30. Be2 Bd7 31. Ra1 Kg6 32. Ne3 1/2-1/2